[Event "52nd World Juniors 2013"]
[Site "Kocaeli TUR"]
[Date "2013.09.25"]
[Round "12.24"]
[White "Bortnyk, Mykola"]
[Black "Tomazini, Aljosa"]
[Result "1/2-1/2"]
[BlackTitle "FM"]
[WhiteElo "2417"]
[BlackElo "2251"]
[WhiteFideId "14120836"]
[BlackFideId "14608154"]
[EventDate "2013.09.13"]

1. e4 e5 2. Nf3 Nc6 3. Nc3 Nf6 4. d4 exd4 5. Nxd4 Bb4 6. Nxc6 bxc6 7. Bd3 d6 8.
O-O Ng4 9. h3 Ne5 10. Ne2 Qh4 11. Bf4 O-O 12. Bg3 Qe7 13. f4 Bc5+ 14. Kh2 Nxd3
15. cxd3 f5 16. d4 Bb6 17. e5 Qe6 18. Ng1 Ba6 19. Re1 Bc4 20. Nf3 Bd5 21. Rc1 h6
22. b3 Ba5 23. Re3 Be4 24. Be1 Bb6 25. Bc3 Qd5 26. Qf1 dxe5 27. Nxe5 Bxd4 28.
Bxd4 Qxd4 29. Rg3 Qd6 30. Rgc3 Rf6 31. Nxc6 Rg6 32. g4 Qd2+ 33. Kg3 Rxc6 34.
Rxc6 Qe3+ 35. Kh4 Bxc6 36. Rxc6 Rf8 37. Qc4+ Kh8 38. Rxc7 Qe1+ 39. Kh5 Qe8+ 40.
Kh4 Qe1+ 41. Kh5 Qe8+ 42. Kh4 Qe1+ 1/2-1/2

[Event "52nd World Juniors 2013"]
[Site "Kocaeli TUR"]
[Date "2013.09.25"]
[Round "12.25"]
[White "Koksal, Ege"]
[Black "Sunilduth Lyna, Narayanan"]
[Result "1/2-1/2"]
[WhiteTitle "CM"]
[WhiteElo "2207"]
[BlackElo "2408"]
[WhiteFideId "6317626"]
[BlackFideId "5058422"]
[EventDate "2013.09.13"]

1. d4 Nf6 2. Nf3 b6 3. c4 Bb7 4. Nc3 e6 5. g3 Bb4 6. Qd3 O-O 7. a3 Be7 8. Bg2 d5
9. O-O Nbd7 10. cxd5 exd5 11. Bf4 c5 12. dxc5 Nxc5 13. Qd1 Ne6 14. Be5 Rc8 15.
Nb5 a6 16. Nbd4 Nd7 17. Bh3 Ng5 18. Nxg5 Bxg5 19. Bd6 Re8 20. e3 Rc4 21. b3 Rc3
22. Bb4 Rc7 23. Bd6 Rc3 24. Bb4 Rc7 25. Bd6 Rc3 26. Bb4 Rc7 27. Bd6 Rc3 1/2-1/2

[Event "52nd World Juniors 2013"]
[Site "Kocaeli TUR"]
[Date "2013.09.25"]
[Round "12.26"]
[White "Karaokcu, Erkin"]
[Black "Martinez Romero, Martin"]
[Result "0-1"]
[BlackTitle "IM"]
[WhiteElo "2014"]
[BlackElo "2404"]
[WhiteFideId "6348459"]
[BlackFideId "4404025"]
[EventDate "2013.09.13"]

1. d4 Nf6 2. c4 g6 3. Nc3 Bg7 4. e4 O-O 5. f4 c5 6. d5 d6 7. Nf3 e6 8. Be2 exd5
9. cxd5 Re8 10. Nd2 Na6 11. O-O Rb8 12. Re1 c4 13. Bf3 Qc7 14. e5 dxe5 15. fxe5
Nd7 16. e6 fxe6 17. Nde4 Ne5 18. d6 Qd7 19. Bg5 b6 20. Nf6+ Bxf6 21. Bxf6 Nxf3+
22. Qxf3 Bb7 23. Qg3 Nb4 24. Rf1 Rbc8 25. h4 Rc5 26. Bg5 Rf5 27. h5 Qg7 28. h6
Qd4+ 29. Be3 Qf6 30. Rxf5 exf5 31. d7 Rd8 32. Bg5 Qd4+ 33. Kh1 f4 34. Bxf4 Qxd7
35. Rf1 Rf8 36. Rf2 Nd3 37. Rf1 Nxf4 38. Rxf4 Rxf4 39. Qxf4 Qh3+ 40. Qh2 Bxg2+
41. Kg1 Qxh2+ 42. Kxh2 Bc6 43. Kg3 Kf7 44. Nd1 Bd5 45. Ne3 Be6 46. Nc2 g5 47.
Nb4 Kg6 48. Nc6 Kxh6 0-1

[Event "52nd World Juniors 2013"]
[Site "Kocaeli TUR"]
[Date "2013.09.25"]
[Round "12.27"]
[White "Ozdover, Mustafa Berkay"]
[Black "Georgiadis, Nico"]
[Result "0-1"]
[BlackTitle "FM"]
[WhiteElo "2005"]
[BlackElo "2396"]
[WhiteFideId "6311482"]
[BlackFideId "1300113"]
[EventDate "2013.09.13"]

1. d4 Nf6 2. c4 c5 3. d5 b5 4. cxb5 a6 5. bxa6 g6 6. Nc3 Bxa6 7. f4 d6 8. Nf3
Bg7 9. e4 Bxf1 10. Rxf1 Qa5 11. Kf2 Ng4+ 12. Kg3 Bxc3 13. bxc3 Nf6 14. Qd3 Qxc3
15. Qxc3 Nxe4+ 16. Kh3 Nxc3 17. Bb2 Nxd5 18. Bxh8 Nxf4+ 19. Kg4 Ra4 20. Kg5 f6+
21. Kh6 Ne6 22. g3 Nd7 23. Rae1 Kf7 24. Rxe6 Kxe6 25. Kxh7 g5 26. h4 g4 27. Nh2
Kf7 28. Bg7 Ne5 29. Rf2 d5 30. h5 Ra3 31. Bh6 Rxg3 32. Bf4 Rh3 33. h6 g3 34. Rg2
gxh2 35. Bxh2 Nf3 36. Rg7+ Ke6 37. Bc7 Nd4 38. Rg1 Nf5 39. Bf4 Kf7 40. a4 Rh4
41. Rf1 Nxh6 42. Bxh6 Rxa4 0-1

[Event "52nd World Juniors 2013"]
[Site "Kocaeli TUR"]
[Date "2013.09.25"]
[Round "12.28"]
[White "Velten, Paul"]
[Black "Yurtseven, Melih"]
[Result "1-0"]
[WhiteTitle "FM"]
[WhiteElo "2427"]
[BlackElo "2262"]
[WhiteFideId "681091"]
[BlackFideId "6312160"]
[EventDate "2013.09.13"]

1. Nf3 Nf6 2. c4 Nc6 3. d4 e6 4. a3 d6 5. Nc3 g6 6. e4 Bg7 7. h3 O-O 8. Be3 Re8
9. Qc2 e5 10. O-O-O exd4 11. Nxd4 a6 12. Be2 Qe7 13. f3 Nxd4 14. Rxd4 Be6 15.
Rd2 b5 16. cxb5 axb5 17. Bxb5 Reb8 18. Re1 Nd7 19. Bxd7 Qxd7 20. f4 Rb4 21. Rd3
Rc4 22. g4 Qc6 23. Bd2 Qb7 24. e5 dxe5 25. fxe5 h5 26. gxh5 Bf5 27. hxg6 fxg6
28. Rf1 Bxe5 29. b3 Rc5 30. b4 Rxa3 31. Qb2 Bxd3 32. Qxa3 Bxf1 33. bxc5 Bd3 34.
Qa2+ Kg7 35. Qe6 Qh1+ 36. Kb2 Qb1+ 37. Ka3 Qa1+ 38. Kb3 Qa6 39. Qxe5+ 1-0

[Event "52nd World Juniors 2013"]
[Site "Kocaeli TUR"]
[Date "2013.09.25"]
[Round "12.29"]
[White "Kurayan, Ruslan"]
[Black "Baglan, Esat"]
[Result "1-0"]
[WhiteElo "2398"]
[BlackElo "2024"]
[WhiteFideId "14120615"]
[BlackFideId "6309216"]
[EventDate "2013.09.13"]

1. e4 c5 2. Nf3 d6 3. d4 cxd4 4. Nxd4 Nf6 5. Nc3 a6 6. Be3 e5 7. Nb3 Be6 8. Qd2
Be7 9. O-O-O O-O 10. f4 Ng4 11. g3 Nxe3 12. Qxe3 Nd7 13. Kb1 Qb6 14. Qe1 Nf6 15.
f5 Bd7 16. g4 Nxg4 17. Nd5 Qd8 18. Qg3 Nf6 19. Rg1 g6 20. Bc4 Kh8 21. Nxf6 Bxf6
22. fxg6 fxg6 23. Rxd6 Qe7 24. Rgd1 Rad8 25. a3 Bc6 26. Rxd8 Rxd8 27. Bd5 Be8
28. Rf1 Kg7 29. Qf2 Rd6 30. c4 Bf7 31. Na5 b6 32. Nc6 Qc7 33. Nxe5 Bxe5 34.
Qxf7+ Qxf7 35. Rxf7+ Kh6 36. Re7 Bxh2 37. e5 Rd8 38. e6 Bd6 39. Rb7 b5 40. cxb5
axb5 41. Rxb5 Kg5 42. a4 1-0

[Event "52nd World Juniors 2013"]
[Site "Kocaeli TUR"]
[Date "2013.09.25"]
[Round "12.31"]
[White "Emiroglu, Cankut"]
[Black "Grandadam, Nicolas"]
[Result "1/2-1/2"]
[WhiteTitle "CM"]
[BlackTitle "FM"]
[WhiteElo "2260"]
[BlackElo "2309"]
[WhiteFideId "6306659"]
[BlackFideId "681806"]
[EventDate "2013.09.13"]

1. e4 c5 2. Nf3 e6 3. d4 cxd4 4. Nxd4 a6 5. Bd3 Qc7 6. Qe2 d6 7. O-O Nf6 8. c4
g6 9. Nc3 Bg7 10. Nf3 Nc6 11. Bf4 e5 12. Be3 Bg4 13. Rac1 Nd4 14. Bxd4 Bxf3 15.
Qxf3 exd4 16. Nd5 Nxd5 17. cxd5 Qd7 18. Rc4 O-O 19. Rfc1 Rac8 20. Rxc8 Rxc8 21.
Rxc8+ Qxc8 22. Qd1 Bh6 23. Qc2 Qxc2 24. Bxc2 Bc1 25. b3 Kg7 26. Kf1 Kf6 27. g3
g5 28. Ke2 Ke5 29. Kd3 Ba3 30. Bd1 Bb2 31. Bg4 1/2-1/2

[Event "52nd World Juniors 2013"]
[Site "Kocaeli TUR"]
[Date "2013.09.25"]
[Round "12.32"]
[White "Soysal, Serkan"]
[Black "Benitez Lozano, Javier"]
[Result "0-1"]
[BlackTitle "CM"]
[WhiteElo "2097"]
[BlackElo "2308"]
[WhiteFideId "6349250"]
[BlackFideId "5102472"]
[EventDate "2013.09.13"]

1. d4 Nf6 2. Nf3 g6 3. c4 Bg7 4. Nc3 d5 5. cxd5 Nxd5 6. e4 Nxc3 7. bxc3 c5 8.
Be3 Qa5 9. Qd2 Nc6 10. Rc1 Bg4 11. d5 Bxf3 12. gxf3 Ne5 13. Be2 O-O 14. f4 Nd7
15. h4 Rad8 16. h5 Nf6 17. Bf3 c4 18. hxg6 fxg6 19. Bd4 e6 20. dxe6 Rfe8 21. e5
Rxe6 22. Bxb7 Nd5 23. Bxd5 Qxd5 24. Ke2 Bxe5 25. fxe5 Rxe5+ 26. Qe3 Rxe3+ 27.
Bxe3 Qd3+ 28. Kf3 Rf8+ 29. Kg2 Qe4+ 30. Kg1 Qg4+ 31. Kf1 Qf3 32. Kg1 Qg4+ 33.
Kf1 Qf3 34. Kg1 Re8 0-1

[Event "52nd World Juniors 2013"]
[Site "Kocaeli TUR"]
[Date "2013.09.25"]
[Round "12.35"]
[White "Ochsner, Bjorn Moller"]
[Black "Nuri, Murad"]
[Result "0-1"]
[WhiteTitle "FM"]
[WhiteElo "2366"]
[BlackElo "2206"]
[WhiteFideId "1416928"]
[BlackFideId "13404474"]
[EventDate "2013.09.13"]

1. e4 e6 2. d4 d5 3. Nc3 Bb4 4. e5 c5 5. a3 Bxc3+ 6. bxc3 Ne7 7. Qg4 Qa5 8. Bd2
O-O 9. Bd3 Nbc6 10. Qh5 Ng6 11. Nf3 Nce7 12. h4 c4 13. Be2 f5 14. Qg5 h6 15. Qg3
Rf7 16. Ng1 Bd7 17. Nh3 Kh7 18. h5 Nf8 19. a4 Bxa4 20. Nf4 Qb5 21. Kd1 Rc8 22.
Bc1 Rc6 23. Ba3 Ra6 24. Bb4 Nc6 25. Rb1 Nxb4 26. Rxb4 Qe8 27. Kd2 b5 28. Rb2 Rb6
29. Ra1 Rfb7 30. Rba2 a5 31. Qe3 Rc6 32. Rg1 Ra6 33. Rga1 Rab6 34. g3 Rc6 35.
Bf3 Qf7 36. Bg2 Nd7 37. Bxd5 exd5 38. e6 Qe7 39. Ng6 Qxe6 0-1

[Event "52nd World Juniors 2013"]
[Site "Kocaeli TUR"]
[Date "2013.09.25"]
[Round "12.36"]
[White "Arvola, Benjamin"]
[Black "Uysal, Burak"]
[Result "0-1"]
[WhiteTitle "FM"]
[WhiteElo "2354"]
[BlackElo "1928"]
[WhiteFideId "1506536"]
[BlackFideId "6339387"]
[EventDate "2013.09.13"]

1. e4 c5 2. Nf3 g6 3. d4 cxd4 4. Nxd4 Bg7 5. c4 Nf6 6. Nc3 Nc6 7. Nc2 O-O 8. Be2
d6 9. O-O a5 10. Rb1 Nd7 11. Bd2 Nc5 12. b3 f5 13. exf5 Bxf5 14. Nd5 Nb4 15.
Bxb4 axb4 16. Ndxb4 Ne4 17. Nd5 Rxa2 18. Bg4 Bxg4 19. Qxg4 Nd2 20. Ncb4 Ra5 21.
Qe6+ Kh8 22. Rbe1 Nxf1 23. Kxf1 Qa8 24. Qxe7 Ra1 25. Nc2 Rxe1+ 26. Nxe1 Qa2 27.
Qe3 Qb2 28. Nf3 Qb1+ 29. Ke2 Qc2+ 30. Nd2 Qf5 31. f3 b5 32. g4 Qf7 33. Ne4 bxc4
34. bxc4 Qb7 35. Kf2 Qb2+ 36. Kg3 Be5+ 37. f4 Bd4 38. Qd3 Ra8 39. Ndc3 Bxc3 40.
Nxc3 Ra3 41. Qd4+ Kg8 42. Kh4 Qxc3 43. Qd5+ Kh8 44. Qxd6 Ra8 45. c5 Rc8 46. f5
gxf5 47. gxf5 Rg8 48. Qf4 Qf6+ 49. Kh5 Rf8 50. Kg4 h5+ 51. Kg3 Qxf5 52. Qh6+ Kg8 0-1

[Event "52nd World Juniors 2013"]
[Site "Kocaeli TUR"]
[Date "2013.09.25"]
[Round "12.37"]
[White "Pecurica, Milos"]
[Black "Franklin, Samuel G A"]
[Result "0-1"]
[BlackTitle "FM"]
[WhiteElo "2190"]
[BlackElo "2353"]
[WhiteFideId "944963"]
[BlackFideId "468576"]
[EventDate "2013.09.13"]

1. d4 Nf6 2. c4 g6 3. Nc3 Bg7 4. e4 d6 5. Nf3 O-O 6. Be2 e5 7. O-O Nc6 8. d5 Ne7
9. b4 a5 10. Ba3 axb4 11. Bxb4 b6 12. a4 Re8 13. Qd3 Nf5 14. exf5 e4 15. Qd2
exf3 16. Bxf3 Bxf5 17. a5 bxa5 18. Rxa5 c5 19. Nb5 cxb4 20. Rxa8 Qxa8 21. Qxb4
Qb8 22. Qxd6 Bd3 0-1

[Event "52nd World Juniors 2013"]
[Site "Kocaeli TUR"]
[Date "2013.09.25"]
[Round "12.38"]
[White "Igonin, Temur"]
[Black "Lozhnikov, Vyacheslav"]
[Result "0-1"]
[WhiteTitle "FM"]
[BlackTitle "FM"]
[WhiteElo "2074"]
[BlackElo "2339"]
[WhiteFideId "14203049"]
[BlackFideId "13704761"]
[EventDate "2013.09.13"]

1. e4 c5 2. Nf3 d6 3. d4 cxd4 4. Nxd4 Nf6 5. Nc3 a6 6. Bg5 e6 7. f4 Nc6 8. Nxc6
bxc6 9. e5 h6 10. Bh4 g5 11. fxg5 Nd5 12. Ne4 Qb6 13. Bd3 hxg5 14. Bxg5 Qxb2 15.
Nf6+ Nxf6 16. Bxf6 Qc3+ 17. Ke2 Rh5 18. Qd2 Rxe5+ 19. Bxe5 Qxe5+ 20. Qe3 Qxe3+
21. Kxe3 f5 22. Raf1 Bh6+ 23. Ke2 Ke7 24. Rhg1 Bg5 25. g4 Kf6 26. gxf5 exf5 27.
Rf3 Bd7 28. Rfg3 Re8+ 29. Kd1 Be3 30. Rg6+ Ke5 31. R1g3 Bc5 32. c3 Rh8 33. h3
Be6 34. a4 Bd5 35. R3g5 Be4 36. Bxe4 Kxe4 37. Rg3 f4 38. R6g4 Be3 39. Ke2 Kd5
40. Rf3 c5 41. c4+ Ke5 42. Kd3 Rb8 43. Rg5+ Kf6 44. Rh5 Rb3+ 45. Ke4 Rb4 46.
Rh6+ Kg5 47. Rxd6 Rxc4+ 48. Kd5 Rxa4 49. Re6 Ra3 50. Re5+ Kh4 51. Re4 Rd3+ 52.
Kc6 Kg5 53. Rexf4 Bxf4 54. Rxd3 Kh4 55. Kd5 Bg3 56. Ke4 c4 57. Rd8 Kxh3 58. Kf3
c3 59. Rc8 Be1 60. Rh8+ Bh4 61. Rh5 c2 62. Rc5 Kh2 63. Rxc2+ Kh1 64. Rc6 Bg5 65.
Kg3 Be3 66. Rc8 Bd4 0-1

[Event "52nd World Juniors 2013"]
[Site "Kocaeli TUR"]
[Date "2013.09.25"]
[Round "12.40"]
[White "Zhanbai Uulu, Zhokhar"]
[Black "Chu, Wei Chao"]
[Result "0-1"]
[WhiteElo "1843"]
[BlackElo "2270"]
[WhiteFideId "13800809"]
[BlackFideId "8605661"]
[EventDate "2013.09.13"]

1. e4 c5 2. f4 d5 3. exd5 Qxd5 4. Nc3 Qd6 5. d3 Nf6 6. Nf3 Nc6 7. Be2 e6 8. O-O
Be7 9. Ne4 Qc7 10. g3 O-O 11. c3 b6 12. Qc2 Bb7 13. Nxf6+ Bxf6 14. Nd2 Be7 15.
Bf3 Rad8 16. Ne4 f5 17. Nf2 Nd4 18. cxd4 Bxf3 19. h3 Bb7 20. Kh2 Qc6 21. Rg1
Rxd4 22. b3 Bd6 23. Be3 Rd5 24. Rae1 e5 25. Qc3 Kh8 26. h4 h6 27. Nh3 Rd8 28.
Rd1 Bb8 29. Nf2 Qf6 30. Kh3 Qc6 31. Kh2 R8d7 32. Qc1 Kh7 33. Rde1 Ba6 34. Rgf1 0-1

[Event "52nd World Juniors 2013"]
[Site "Kocaeli TUR"]
[Date "2013.09.25"]
[Round "12.41"]
[White "Mamyrbay, Assad"]
[Black "Carneiro, Vitor Roberto Castro"]
[Result "0-1"]
[BlackTitle "CM"]
[WhiteElo "1823"]
[BlackElo "2263"]
[WhiteFideId "13708880"]
[BlackFideId "2130106"]
[EventDate "2013.09.13"]

1. e4 c6 2. Nc3 d5 3. Nf3 Nf6 4. e5 Nfd7 5. d4 e6 6. Bd3 c5 7. dxc5 Nc6 8. Bf4
Nxc5 9. Be2 Be7 10. O-O a6 11. Qd2 b5 12. Bd1 b4 13. Ne2 Ne4 14. Qc1 g5 15. Be3
g4 16. Ned4 Na5 17. Nd2 Nxd2 18. Bxd2 h5 19. c3 Bd7 20. cxb4 Rc8 21. Qb1 Nc4 22.
Bc3 Qb6 23. Qd3 Bxb4 24. Bxb4 Qxb4 25. b3 Nxe5 26. Qe3 Qd6 27. f4 gxf3 28. Bxf3
Ng4 29. Bxg4 hxg4 30. g3 e5 31. Rae1 f6 32. Qd3 Kd8 33. Nf5 Qc5+ 34. Ne3 Bb5 35.
Qg6 Bxf1 36. Qxf6+ Kc7 37. Qxe5+ Kb6 38. Rxf1 Rhe8 39. Rf6+ Kb5 40. Re6 Rxe6 41.
Qxe6 d4 42. Qd7+ Kb4 43. Qb7+ Kc3 44. b4 Qc6 45. Qg7 Qf3 46. Nxg4 Re8 47. Qc7+
Kb2 0-1

[Event "52nd World Juniors 2013"]
[Site "Kocaeli TUR"]
[Date "2013.09.25"]
[Round "12.42"]
[White "Du Plessis, Heinco"]
[Black "Farid, Firman Syah"]
[Result "0-1"]
[BlackTitle "IM"]
[WhiteElo "2050"]
[BlackElo "2433"]
[WhiteFideId "14306263"]
[BlackFideId "7102526"]
[EventDate "2013.09.13"]

1. e4 c6 2. Nc3 d5 3. Qf3 dxe4 4. Nxe4 Nf6 5. Nxf6+ gxf6 6. Ne2 Qd5 7. Qxd5 cxd5
8. Nf4 e6 9. d4 b6 10. a4 a5 11. Bb5+ Bd7 12. Nh5 Be7 13. Bh6 Rg8 14. Bg7 f5 15.
Bd3 Nc6 16. c3 O-O-O 17. g4 fxg4 18. Bf6 Kc7 19. Bxh7 Rh8 20. Bxe7 Nxe7 21. Nf6
Kd6 22. h3 gxh3 23. Rxh3 Ng8 24. Nxg8 Rdxg8 25. Kd2 Rg2 26. Ke3 f5 27. Bxf5 Rf8
28. Bd3 Rgxf2 29. b3 Rg2 30. Rf3 Rc8 31. c4 Bc6 32. Rf2 Rg3+ 33. Kd2 Rh8 34. Re1
Rhh3 35. Bc2 Rh4 36. c5+ bxc5 37. dxc5+ Ke7 38. Rfe2 Bd7 39. Re3 Rg5 40. Bd3 d4
41. Re5 Rh2+ 42. Kc1 Rhh5 43. R5e4 Rxc5+ 44. Kd2 Rh2+ 45. Kd1 Rc3 46. Bc4 Rcc2
47. Rxd4 Ra2 48. Be2 Bc6 49. Rc4 Bd5 50. Rc3 Be4 51. Re3 Bf5 52. Rc3 Kd6 0-1

[Event "52nd World Juniors 2013"]
[Site "Kocaeli TUR"]
[Date "2013.09.25"]
[Round "12.46"]
[White "Nagy, Gabor1"]
[Black "Pon, Matt"]
[Result "1-0"]
[WhiteTitle "IM"]
[BlackTitle "FM"]
[WhiteElo "2457"]
[BlackElo "1919"]
[WhiteFideId "737119"]
[BlackFideId "14301644"]
[EventDate "2013.09.13"]

1. Nf3 Nf6 2. c4 e6 3. Nc3 d5 4. d4 Be7 5. Bg5 O-O 6. e3 Nbd7 7. Bd3 dxc4 8.
Bxc4 c6 9. Qc2 b5 10. Bd3 Bb7 11. a3 a6 12. Rd1 Qb6 13. Bxh7+ Nxh7 14. Bxe7 Rfe8
15. Bd6 c5 16. dxc5 Nxc5 17. b4 Nd7 18. Bg3 Ndf6 19. Rd6 Qc7 20. Rxa6 Qc4 21.
Ne5 Qc8 22. Rxa8 Qxa8 23. Qb2 Rc8 24. f3 Qa7 25. Bf2 Qb8 26. Nd3 Nd5 27. Ne4 Nb6
28. Nec5 Bd5 29. O-O Qa8 30. e4 Bc4 31. Rd1 Rd8 32. Bh4 g5 33. Bg3 Bxd3 34. Rxd3
Rxd3 35. Nxd3 Nc4 36. Qd4 Qxa3 37. h4 e5 38. Nxe5 Qc1+ 39. Kh2 gxh4 40. Qd8+ Kg7
41. Qxh4 Ne3 42. Bf4 Nf1+ 43. Kh3 Qc8+ 44. g4 1-0

[Event "52nd World Juniors 2013"]
[Site "Kocaeli TUR"]
[Date "2013.09.25"]
[Round "12.47"]
[White "Kathmale, Sameer"]
[Black "Temizkan, Denizcan"]
[Result "0-1"]
[WhiteElo "2339"]
[BlackElo "1921"]
[WhiteFideId "5024498"]
[BlackFideId "6325157"]
[EventDate "2013.09.13"]

1. e4 e5 2. Nf3 Nc6 3. Bb5 a6 4. Ba4 Nf6 5. O-O Be7 6. Qe2 b5 7. Bb3 O-O 8. c3
d5 9. d3 d4 10. Bg5 Bg4 11. h3 Bxf3 12. Qxf3 Na5 13. Bc2 c5 14. Rd1 Ne8 15. Bd2
Nc6 16. Bb3 Nd6 17. Bd5 Rc8 18. a4 Bf6 19. axb5 axb5 20. b4 dxc3 21. Bxc3 Nxb4
22. Bxb4 cxb4 23. Nd2 Ne8 24. Nb3 Qb6 25. Rdc1 Rc3 26. Ra8 Rxc1+ 27. Nxc1 Nc7
28. Rxf8+ Kxf8 29. Nb3 Nxd5 30. exd5 g6 31. Qg4 Qd6 32. Qc8+ Kg7 33. Qb7 Qe7 34.
Qc6 e4 35. d6 Qe6 36. Nc5 Qa2 37. Nxe4 b3 38. d7 Qb1+ 39. Kh2 Be5+ 40. f4 Bxf4+
41. g3 Be3 42. Kg2 Qg1+ 43. Kf3 Bd4 44. Ke2 Qe3+ 45. Kd1 Qxd3+ 46. Nd2 Bf6 47.
g4 b2 48. Qc2 Qxd7 49. g5 Bxg5 50. Qxb2+ f6 0-1

[Event "52nd World Juniors 2013"]
[Site "Kocaeli TUR"]
[Date "2013.09.25"]
[Round "12.48"]
[White "Gundogan, Cem"]
[Black "Cingoz, Ozan"]
[Result "1/2-1/2"]
[WhiteElo "2072"]
[BlackElo "1918"]
[WhiteFideId "6311032"]
[BlackFideId "6333397"]
[EventDate "2013.09.13"]

1. g3 g6 2. Bg2 Bg7 3. c4 e5 4. Nc3 d6 5. Nf3 Nf6 6. d4 exd4 7. Nxd4 O-O 8. O-O
c6 9. h3 Nbd7 10. e4 Nb6 11. b3 Qc7 12. Be3 Re8 13. Qd2 a5 14. Bh6 a4 15. Bxg7
Kxg7 16. Kh2 axb3 17. axb3 Rxa1 18. Rxa1 Bd7 19. f4 Be6 20. Nxe6+ Rxe6 21. Re1
Nbd7 22. Re3 Nc5 23. b4 Na6 24. b5 Nc5 25. Qc2 Nh5 26. Bf3 Qe7 27. bxc6 bxc6 28.
Qb1 Qb7 29. Qxb7 Nxb7 30. g4 Nxf4 31. c5 1/2-1/2

[Event "52nd World Juniors 2013"]
[Site "Kocaeli TUR"]
[Date "2013.09.25"]
[Round "12.49"]
[White "Yuksel, Atilla Koksal"]
[Black "Sahin, Ozgun"]
[Result "1-0"]
[WhiteTitle "CM"]
[WhiteElo "2060"]
[BlackElo "1857"]
[WhiteFideId "6306667"]
[BlackFideId "6328121"]
[EventDate "2013.09.13"]

1. e4 c5 2. Nf3 e6 3. c4 a6 4. Nc3 Nc6 5. Be2 Qc7 6. O-O Nd4 7. d3 d6 8. Be3
Nxe2+ 9. Qxe2 Nf6 10. d4 cxd4 11. Nxd4 Be7 12. Rac1 O-O 13. f3 Bd7 14. b3 Rfd8
15. Rfd1 Rac8 16. Qf2 Qb8 17. a4 Bc6 18. Nxc6 bxc6 19. Bb6 Rd7 20. b4 Rb7 21. a5
Nd7 22. Na4 c5 23. bxc5 dxc5 24. f4 Nxb6 25. Nxb6 Rd8 26. e5 Qc7 27. Rxd8+ Qxd8
28. Qf3 Qd4+ 29. Kh1 Rb8 30. Rd1 Qb2 31. h3 Qb4 32. Qc6 Qxa5 33. Nc8 g6 34.
Nxe7+ Kg7 35. Nc8 Rb2 36. Nd6 Qa2 37. Ne8+ Kh6 38. Qxc5 Rxg2 39. Qf8+ Kh5 40.
Nf6+ Kh4 41. Qh6+ Kg3 42. Qg5+ Kf3 43. Rd3+ 1-0

[Event "52nd World Juniors 2013"]
[Site "Kocaeli TUR"]
[Date "2013.09.25"]
[Round "12.50"]
[White "Aydin, Hasan Bora"]
[Black "Bornheim, Craig"]
[Result "0-1"]
[BlackTitle "CM"]
[WhiteElo "1848"]
[BlackElo "1973"]
[WhiteFideId "6336612"]
[BlackFideId "14300370"]
[EventDate "2013.09.13"]

1. a3 d5 2. Nf3 c5 3. e3 Nf6 4. c4 Nc6 5. cxd5 Nxd5 6. Qc2 Bg4 7. d3 e6 8. Nbd2
Be7 9. Be2 O-O 10. Ne4 Rc8 11. h3 Bh5 12. Ng3 Bxf3 13. Bxf3 Ne5 14. Be2 Bh4 15.
Ne4 f5 16. Nc3 f4 17. exf4 Nc6 18. Nxd5 Qxd5 19. O-O Nd4 20. Qd1 Rf6 21. g3 Rg6
22. Kh2 Rd8 23. Be3 Nf5 24. Bf3 Nxe3 25. Bxd5 Nxd1 26. Be4 Nxf2 27. Bxg6 hxg6
28. gxh4 Nxd3 29. Rab1 b6 30. Rfd1 Rd5 0-1

[Event "52nd World Juniors 2013"]
[Site "Kocaeli TUR"]
[Date "2013.09.25"]
[Round "12.51"]
[White "Percin, Onder"]
[Black "Yargici, Mazhar Kutay"]
[Result "0-1"]
[WhiteElo "1838"]
[BlackElo "1970"]
[WhiteFideId "6345190"]
[BlackFideId "6310400"]
[EventDate "2013.09.13"]

1. e4 e5 2. Nf3 Nc6 3. Bb5 a6 4. Ba4 Nf6 5. O-O Be7 6. Re1 b5 7. Bb3 d6 8. c3
O-O 9. h3 Nb8 10. d4 Nbd7 11. Nbd2 Bb7 12. Bc2 Re8 13. Nf1 Bf8 14. Ng3 g6 15. a4
exd4 16. cxd4 c5 17. d5 Bg7 18. Bf4 Ne5 19. Nxe5 dxe5 20. Be3 c4 21. Qd2 Qd6 22.
Bh6 Bxh6 23. Qxh6 b4 24. Re3 Qf8 25. Qh4 Qe7 26. Qh6 Qf8 27. Qg5 Qg7 28. Rf3 Nd7
29. Qh4 Qh8 30. a5 b3 31. Bd1 Rac8 32. Be2 f5 33. exf5 Bxd5 34. Ne4 g5 35. Nxg5
Bxf3 36. Nxf3 e4 37. Ng5 0-1

[Event "52nd World Juniors 2013"]
[Site "Kocaeli TUR"]
[Date "2013.09.25"]
[Round "12.52"]
[White "Karabayir, Mustafa Yilmaz"]
[Black "Kilic, Efe Mert"]
[Result "1/2-1/2"]
[WhiteElo "1926"]
[BlackElo "1843"]
[WhiteFideId "6300090"]
[BlackFideId "6354327"]
[EventDate "2013.09.13"]

1. e4 d5 2. exd5 Nf6 3. d4 Nxd5 4. c4 Nb6 5. Nc3 g6 6. Be3 Bg7 7. h3 Nc6 8. Nf3
O-O 9. Be2 e5 10. d5 Ne7 11. Qb3 Bf5 12. Nh4 Bc8 13. Nf3 Bf5 14. Nh4 Bc8 15. Nf3
Bf5 16. Nh4 1/2-1/2

[Event "52nd World Juniors 2013"]
[Site "Kocaeli TUR"]
[Date "2013.09.25"]
[Round "12.53"]
[White "Baasansuren, Erdene"]
[Black "Zeydan, Salih"]
[Result "1/2-1/2"]
[WhiteTitle "CM"]
[WhiteElo "1844"]
[BlackElo "1968"]
[WhiteFideId "4902084"]
[BlackFideId "6361722"]
[EventDate "2013.09.13"]

1. d4 Nf6 2. c4 e6 3. g3 d5 4. Nf3 Bb4+ 5. Bd2 Qe7 6. Bg2 O-O 7. O-O Nbd7 8. Bf4
Bd6 9. Ne5 dxc4 10. Nxc4 Bxf4 11. gxf4 Nd5 12. e3 c5 13. dxc5 Qxc5 14. Nbd2 b5
15. Na5 N7f6 16. Rc1 Qb6 17. b4 Bd7 18. Ndb3 Rfd8 19. a3 Be8 20. Qe2 Rac8 21.
Nc5 Bc6 22. Nxc6 Rxc6 23. Rfd1 Rcd6 24. Rd3 h6 25. Qf3 Ne7 26. Bf1 Rxd3 27. Nxd3
a5 28. Ne5 axb4 29. axb4 Nfd5 30. Rc5 Nxb4 31. Rxb5 Qd6 32. Qh5 g6 33. Qxh6 Nec6
34. Ng4 f5 35. Nf6+ Kf7 36. Nh7 Rg8 37. Ng5+ Ke8 38. Rb7 e5 39. fxe5 Qxe5 40.
Bc4 Rh8 41. Bf7+ Kd8 42. Ne6+ Kc8 43. Rc7+ Kb8 44. Qf4 Qxf4 45. exf4 Rd8 1/2-1/2